|
|
|
|
| LEADER |
00000nab a2200000 a 4500 |
| 001 |
vtls000748033 |
| 003 |
SK-MaSNL |
| 005 |
20260304203339.0 |
| 008 |
141112c2000 xo 0 slo |
| 015 |
|
|
|a SNBRB2001/04-09934
|
| 035 |
|
|
|a CLN000099861
|
| 040 |
|
|
|a SNKBUCL
|b slo
|c SNKBUCL
|e AACR2
|
| 041 |
0 |
|
|a slo
|
| 044 |
|
|
|a xo
|c SK
|
| 080 |
|
|
|a 616.98-053.2
|2 1997
|
| 245 |
0 |
0 |
|a Závažné nozokomiálne infekcie spôsobené Serratia liquefaciens na pediatrickej JIS
|c M. Pisarčíková ... [et al.]
|
| 650 |
0 |
7 |
|a infekcie skrížené
|2 snkbucl
|9 855401
|
| 650 |
0 |
7 |
|a Serratia liquefaciens
|2 snkbucl
|9 1535914
|
| 650 |
0 |
7 |
|a Serratia, infekcie
|x epidemiológia
|x komplikácie
|x u dojčiat a detí
|2 snkbucl
|9 1535915
|
| 650 |
0 |
7 |
|a infekcie skrížené
|x etiológia
|x epidemiológia
|x komplikácie
|x u dojčiat a detí
|2 snkbucl
|9 1535916
|
| 655 |
|
7 |
|a články z novín a časopisov
|2 snkbucl
|9 267496
|
| 655 |
|
7 |
|a abstrakty z kongresu
|2 snkbucl
|9 115748
|
| 700 |
1 |
|
|a Pisarčíková, Mária,
|d 1953-
|4 aut
|9 174660
|
| 700 |
1 |
|
|a Uher, Martin,
|d 1962-
|4 aut
|9 191168
|
| 700 |
1 |
|
|a Kurák, Milan,
|d 1968-
|4 aut
|9 12804
|
| 700 |
1 |
|
|a Filka, J.
|4 aut
|9 835557
|
| 700 |
1 |
|
|a Molokáčová, Mária
|4 aut
|9 810232
|
| 700 |
1 |
|
|a Takáčová, V.
|4 aut
|9 835558
|
| 700 |
1 |
|
|a Černáková, A.
|4 aut
|9 835556
|
| 711 |
1 |
|
|a Český pediatrický kongres
|n (4. :
|d 2000 :
|c Hradec Králové, Česko)
|4 aut
|9 93233
|
| 773 |
0 |
|
|t Česko-slovenská pediatrie
|g Roč. 55, č. S1 (2000), s. S17
|x 0069-2328
|
| 850 |
|
|
|a Slovenská národná knižnica v Martine
|
| 852 |
|
|
|a SNK
|b KIS3GCP
|
| 958 |
|
|
|a MI
|
| 999 |
|
|
|c 3109155
|d 3111085
|